000 01234nam a22003495a 4500
003 EG-ScBUE
005 20220403120351.0
008 150826s1997 nyua f bd 000 0deng d
020 _a039397670X
020 _a9780393976700
035 _a(DLC) 97007083
040 _aEG-ScBUE
_beng
_erda
_cEG-ScBUE
_dEG-ScBUE
082 0 4 _a822.33
_222
_bSHA
100 1 _aShakespeare, William,‏
_d1564-1616,
_eauthor.
245 1 4 _aThe Norton Shakespeare :
_bcomedies /
_cStephen Greenblatt [and three others] ; with an essay on the Shakespearean stage by Andrew Gurr.
264 1 _aNew York ;
_aLondon :
_bW. W. Norton and Company,
_c1997.
300 _axiv, 1067 pages :
_billustrations ;
_c25 cm
336 _2rdacontent
_atext
_btxt
337 _2rdamedia
_aunmediated
_bn
338 _2rdacarrier
_avolume
_bnc
500 _aIncludes glossary.
504 _aIncludes bibliographical references.
590 _aMenna elemam
600 1 7 _aShakespeare William
_d1564-1616
_xcomedies.
650 _2BUEsh
651 _2BUEsh
653 _bGGEN
_cAugust2015
655 _vReading book
_934232
700 1 _aGreenblatt, Stephen,
_d1943-
_eeditor.
700 1 _aGurr, Andrew.
_eauthor of introduction, etc.
942 _cBB
_k822.33 SHA
_2ddc
999 _c7361
_d7361